|
|
|
|
| LEADER |
00000nam0a2200000 4500 |
| 001 |
597353 |
| 005 |
20231101131942.0 |
| 035 |
|
|
|a (RuTPU)RU\TPU\tpu\20588
|
| 090 |
|
|
|a 597353
|
| 100 |
|
|
|a 20120125d2008 m y0rusy50 ca
|
| 101 |
0 |
|
|a rus
|
| 102 |
|
|
|a RU
|
| 105 |
|
|
|a a z 001zy
|
| 200 |
1 |
|
|a Немецкий "островной" говор Томской области
|f О. А. Александров, З. М. Богословская
|
| 210 |
|
|
|a Томск
|c Изд-во ТПУ
|d 2008
|
| 215 |
|
|
|a 182 с.
|
| 333 |
|
|
|a В фонде НТБ ТПУ отсутствует
|
| 610 |
1 |
|
|a труды учёных ТПУ
|
| 700 |
|
1 |
|a Александров
|b О. А.
|c лингвист
|c доцент Томского политехнического университета, кандидат филологических наук
|f 1979-
|g Олег Анатольевич
|2 stltpush
|3 (RuTPU)RU\TPU\pers\24739
|
| 701 |
|
1 |
|a Богословская
|b З. М.
|c лингвист
|c профессор Томского политехнического университета, доктор филологических наук
|f 1953-
|g Зоя Матиновна
|2 stltpush
|3 (RuTPU)RU\TPU\pers\24740
|4 070
|
| 801 |
|
1 |
|a RU
|b 63413507
|c 20120125
|
| 942 |
|
|
|c BK
|